00528nam a2200121 a 450000500170000000800410001705000230005810000200008124501470010126000370024899900190028595201020030420140414131939.0110125s19uu xx 00 eng d aTR 372.7bB11 2001 aBamberger, Honi aGreat Glyphs around the year :b15 month-by-month activities that motivate kids to collect, display and use data- and have fun learning Math!. aNew York :bScholastic ,c2001. c112533d112533 001040aMUbMUcTRd2011-01-25l0oTR 372.7 B11 2001pM3866r2014-04-14 00:00:00w2014-04-14yBK